| 000 | 00784nam a2200229 a 4500 | ||
|---|---|---|---|
| 001 | 000040614 | ||
| 005 | 20201002034243.0 | ||
| 008 | 130904s2008 sp a 001 0 spa d | ||
| 020 | _a9788420537436 | ||
| 040 |
_aDO-SdBNP _bspa _cBNPHU |
||
| 100 | 1 |
_aaEmber, Carol R. _966950 |
|
| 240 | 1 | 0 | _aAntropology |
| 245 | 0 |
_aAntropología / _cCarol R. Ember, Melvin Ember, Peter Peregrine ; traducción, Santiago Montero y Joaquín Sánchez. |
|
| 250 | _a10a ed | ||
| 260 |
_aMadrid : _bPearson, _c2008. |
||
| 300 |
_aXXII, 491 p. : _bil., retrs. ; _c25 cm _e1 disco compacto (CD-ROM) |
||
| 504 | _aBibliografía e índices | ||
| 700 | 1 |
_aEmber, Melvin _966951 |
|
| 700 | 1 |
_aPeregrine, Peter _966952 |
|
| 700 | 1 |
_aMontero, Santiago _966953 |
|
| 700 | 1 |
_aSánchez Baides, Joaquín _etr. _966954 |
|
| 999 |
_c40104 _d40104 |
||